Città della Emilia Romagna – Morte improvvisa - Statistics

Statistiche generali
  • Questo quiz è stato fatto 173 volte
    142 dall'ultimo reset
  • Il punteggio medio è 12 su 13
Answers on the Grid
Answers color-coded by a green-red scale on the quiz's grid according to % correct below.
Bologna
Monza
Carpi
Cesena
Verona
Faenza
Como
Venezia
Ferrara
Forli
Imola
Brescia
Catania
Modena
Genoa
Parma
Piacenza
Napoli
Rimini
Torino
Ravenna
Reggio nell’Emilia
Salerno
Pisa
 
Statistiche sulle risposte
Risposta % Corretto
Bologna
100%
Cesena
95%
Faenza
95%
Ferrara
95%
Forli
95%
Imola
95%
Rimini
95%
Modena
94%
Ravenna
94%
Reggio nell’Emilia
94%
Parma
92%
Piacenza
92%
Carpi
88%
Nessun quiz corrispondente trovato
Distribuzione punteggi
Percentuale di utenti per punteggio
Percentile per numero di risposta
I tuoi punteggi nel tempo
Non hai fatto questo quiz dall'ultimo reset